| 000 | 00787nam a22001337a 4500 | ||
|---|---|---|---|
| 040 | _cRUA | ||
| 082 | _aAVM SEA 2018 B649 Or.1 | ||
| 100 | _aSEAN BORIN សៀង បូរិន | ||
| 245 | _agastro intesting parasites in native chickens ( Gallus Gallus domitic us L) at kampong pranak market of preah vihear province បរាសិតនៅក្នុងប្រដាប់រំរាយអាហារបស់មាន់ពូជក្នុងស្រុកនៅផ្សារកំពុងប្រណាក ខេត្តប្រណាក ខេត្តព្រះវិហារ | ||
| 260 |
_aRUA _bPhnom penh _c2018 |
||
| 300 |
_avii;36p _bill; _c29cm |
||
| 856 | _uhttps://drive.google.com/file/d/1lolgCzpDqYnaFZXBto37ZWBBFRX_2CGt/view?usp=sharing | ||
| 942 | _cAVM | ||
| 999 |
_c18321 _d18321 |
||